000
00279nam a2200109Ia 4500
008
230907s9999||||xx |||||||||||||| ||und||
082
_a
388.3142
_b
FAL
100
_a
Falcocchio, John C.,
_9
51730
245
0
_a
Road traffic congestion :
300
_a
xxiv, 401 pages :
942
_c
BK
999
_c
599943
_d
599943